The law of estate agency and auctions (Record no. 86282)

MARC details
000 -LEADER
fixed length control field 00459cam a2200193 4500
001 - CONTROL NUMBER
control field D7265
008 - FIXED-LENGTH DATA ELEMENTS--GENERAL INFORMATION
fixed length control field 090401t1975 xxu||||| |||| 00| 0 eng d
035 ## - SYSTEM CONTROL NUMBER
System control number (Sirsi) u6349
041 ## - LANGUAGE CODE
Language code of text/sound track or separate title eng
050 ## - LIBRARY OF CONGRESS CALL NUMBER
Classification number 333.33026
100 ## - MAIN ENTRY--PERSONAL NAME
Personal name Murdoch, J. R.
245 #4 - TITLE STATEMENT
Title The law of estate agency and auctions
260 ## - PUBLICATION, DISTRIBUTION, ETC.
Place of publication, distribution, etc. London
Name of publisher, distributor, etc. Estates Gazette
Date of publication, distribution, etc. 1975
300 ## - PHYSICAL DESCRIPTION
Extent xxxi. 412p. 22cm
350 ## - PRICE (NR) (BK AM CF MU VM SE) [OBSOLETE]
Price 6
650 ## - SUBJECT ADDED ENTRY--TOPICAL TERM
Topical term or geographic name entry element ESTATE AGENCY
942 ## - ADDED ENTRY ELEMENTS (KOHA)
Suppress in OPAC 0
948 ## - LOCAL PROCESSING INFORMATION (OCLC); SERIES PART DESIGNATOR (RLIN)
c (OCLC) 04/03/1997
Holdings
Withdrawn status Lost status Source of classification or shelving scheme Damaged status Not for loan Home library Current library Shelving location Date acquired Cost, normal purchase price Total Checkouts Full call number Barcode Date last seen Copy number Cost, replacement price Price effective from Koha item type
    Dewey Decimal Classification     London London Basement 14/09/1999 6.00   SHELF 132 30022203 06/08/2019 1 6.00 06/08/2019 Reference material